Statistics for Letter-Tile Scores in Scrabble

Click here to take the quiz!

General Stats

  • This quiz has been taken 298 times
    (294 since last reset)
  • The average score is 15 of 16

Answer Stats

ScoreLetter% Correct
10Z
99%
10Q
98%
8J
96%
5K
96%
8X
96%
3P
94%
3B
93%
3M
93%
2D
92%
4H
92%
4W
92%
3C
90%
4F
90%
4Y
90%
2G
88%
4V
87%

Score Distribution

Percentile by Number Answered

Percent of People with Each Score

Your Score History

You have not taken this quiz since the last reset